000 00606na a2200205 4500
001 13034
003 MIRAKIL
005 20181213154822.0
008 160831b tu 000 0
020 _a9786054623686
040 _aMilas
_btur
_cTR-AnCHP
082 _a956.421
_bS84d 2013
090 _a956.421 S84d 2013
100 _aSulutaş, Mehmet Ali
245 _aDinlerin buluşup uygarlıkların kesiştiği hoşgörü iskelesi Mersin
_cMehmet Ali Sulutaş
260 _aAnkara
_bKanguru Yayınları
_c2013
300 _a238 s.
_c21 sm.
650 _aKültür
_xMersin (Türkiye)
942 _2ddc
_cBKS
999 _c1429
_d1429